000 00468nam a2200205Ia 4500
008 240510s9999 xx 000 0 und d
020 _a026202506X
041 _aEng
082 _a025.04
082 _bB14
100 _aBALDI, P.: BRUNAK, S.:
245 0 _aBIOINFORMATICS: THE MACHINE LEARNING APPROACH
250 _a2nd ed.
260 _bTHE MIT PRESS
260 _c2001
300 _a452 p.
650 _aBIOINFORMATICS
942 _2ddc
942 _cLBK
999 _c25909
_d25909
945 _a1
_bMadushi Gamage
_c1
_dMadushi Gamage